| 000 -CABECERA |
| campo de control de longitud fija |
02454nam a2200325 u 4500 |
| 001 - NÚMERO DE CONTROL |
| campo de control |
000063063 |
| 005 - FECHA Y HORA DE LA ÚLTIMA TRANSACCIÓN |
| campo de control |
20200120224308.0 |
| 008 - DATOS DE LONGITUD FIJA--INFORMACIÓN GENERAL |
| campo de control de longitud fija |
140820s2013 ck a br| 000 0 spa d |
| 020 ## - NÚMERO INTERNACIONAL ESTÁNDAR DEL LIBRO |
| Número Internacional Estándar del Libro |
9789585787520. |
| 041 0# - CÓDIGO DE LENGUA |
| Código de lengua del texto/banda sonora o título independiente |
spa |
| 043 ## - CÓDIGO DE ÁREA GEOGRÁFICA |
| Código de área geográfica |
-ck---- |
| 090 ## - LOCALMENTE ASIGNADO TIPO-LC NÚMERO DE CLASIFICACIÓN (OCLC); NÚMERO DE CLASIFICACIÓN LOCAL (RLIN) |
| Número de clasificación (OCLC) (R) ; Numero de clasificación, CALL (RLIN) (NR) |
A |
| Número cutter local (OCLC) ; Número de libro/Signatura topográfica íntegra, CALL (RLIN) |
VEGGa |
| 100 1# - ENTRADA PRINCIPAL--NOMBRE DE PERSONA |
| Nombre de persona |
Vega Gómez, María Teresa de la |
| 245 10 - MENCIÓN DE TÍTULO |
| Título |
Adivina quién soy / |
| Mención de responsabilidad, etc. |
María Teresa de la Vega Gómez. |
| 250 ## - MENCIÓN DE EDICIÓN |
| Mención de edición |
1a. ed. |
| 260 ## - PUBLICACIÓN, DISTRIBUCIÓN, ETC. |
| Lugar de publicación, distribución, etc. |
Bogotá : |
| Nombre del editor, distribuidor, etc. |
En tela, |
| Fecha de publicación, distribución, etc. |
2013. |
| 300 ## - DESCRIPCIÓN FÍSICA |
| Extensión |
[s.p.] : |
| Otras características físicas |
il., col. |
| 500 ## - NOTA GENERAL |
| Nota general |
Libros en Tela para niños |
| 500 ## - NOTA GENERAL |
| Nota general |
Libros de formas para niños |
| 520 3# - SUMARIO, ETC. |
| Sumario, etc. |
"Imaginación: Motiva la capacidad y la capacidad de abstracción compartiendo imágenes inspiradoras y adecuadas para su edad. Alegría: Siente ese vínculo inseparable entre tú y tu pequeño, que puedes recrear en cualquier espacio y lugar que se quedará en su mente para siempre. Aprendizaje: Transmítele conocimiento, habilidades, valores y buenas actitudes jugando. Enséñale el mundo de una manera lúdica y divertida. Juego : Desarrolla movimientos en actividades recreativas para el cuerpo y la mente asociando sonidos, textura, colores y formas. Diversión: Llévalo a conocer el mundo a través de la risa. Transmítele toda tu alegría compartiendo y jugando. Afecto : Crea un vínculo especial con tus hijos. Exprésale ternura y cariño. Cuéntale cuentos diseñados para generar afecto por la lectura desde la cuna. Seguridad : Dale a tu hijo un producto de calidad, seguro, pensado y elaborado para la fácil manipulación de sus pequeñas manos. Diseño: Tu hijo merece productos con altos estándares de diseño. Nuestros están destinados a proyectar, coordinar y seleccionar elementos que sean de interés par los bebés y niños a los que están dirigidos. Estimulación : Amigos inseparables que te permiten ayudar a tu hijo a desarrollarse física y emocionalmente despertando sus sentidos compartiendo juntos momentos inigualables." |
| 650 14 - PUNTO DE ACCESO ADICIONAL DE MATERIA--TÉRMINO DE MATERIA |
| Término de materia o nombre geográfico como elemento de entrada |
Álbúm infantil colombiano |
| Subdivisión de forma |
Libros en tela |
| 650 24 - PUNTO DE ACCESO ADICIONAL DE MATERIA--TÉRMINO DE MATERIA |
| Término de materia o nombre geográfico como elemento de entrada |
Literatura infantil |
| Subdivisión de forma |
Libros en tela. |
| 650 24 - PUNTO DE ACCESO ADICIONAL DE MATERIA--TÉRMINO DE MATERIA |
| Término de materia o nombre geográfico como elemento de entrada |
Juegos en la literatura. |
| Subdivisión de forma |
Libros en tela |
| 650 24 - PUNTO DE ACCESO ADICIONAL DE MATERIA--TÉRMINO DE MATERIA |
| Término de materia o nombre geográfico como elemento de entrada |
Animales en la literatura |
| Subdivisión de forma |
Libros en tela |
| 650 24 - PUNTO DE ACCESO ADICIONAL DE MATERIA--TÉRMINO DE MATERIA |
| Término de materia o nombre geográfico como elemento de entrada |
Imaginación en la literatura |
| Subdivisión de forma |
Libros en tela. |
| 650 24 - PUNTO DE ACCESO ADICIONAL DE MATERIA--TÉRMINO DE MATERIA |
| Término de materia o nombre geográfico como elemento de entrada |
Aprendizaje en la literatura |
| Subdivisión de forma |
Libros en tela. |
| 650 24 - PUNTO DE ACCESO ADICIONAL DE MATERIA--TÉRMINO DE MATERIA |
| Término de materia o nombre geográfico como elemento de entrada |
Diversión en la literatura |
| Subdivisión de forma |
Libros en tela |
| 650 24 - PUNTO DE ACCESO ADICIONAL DE MATERIA--TÉRMINO DE MATERIA |
| Término de materia o nombre geográfico como elemento de entrada |
Libros y lecturas para niños |
| Subdivisión de forma |
Libros en tela. |
| 700 1# - PUNTO DE ACCESO ADICIONAL--NOMBRE DE PERSONA |
| Nombre de persona |
Estevéz Sara, de |